00504 2200193 4500001002100000005001500021035002000036245004900056100001500105300002900120260003400149082000800183084001400191020001800205650002000223650001100243008004100254990001500295INLIS00000000000045220260303104349 a0010-03260000011 aTentang Semua yang Ada di Bumi /caesteuticc0 aaesteuticc a142 hlm. ;c13,5 x 19 cm aJakarta :bPT Grasindo,c2019 a813 a813 AES t a9786020522401 aKata-kata Bijak aSastra260303 g 1 ind  a00001/F/26